000 00867cad a22002055a 4500
001 E152509
008 110321s2010 xxk f 000 0 eng d
020 _a9781849170390
035 _a(Sirsi) u152509
041 0 _aeng
110 2 _aHistoric Scotland
_92914
245 0 0 _aBuilding up our health
_bthe architecture of Scotland's historic hospitals
_h[electronic resource]
260 _a[S.l.]
_bHistoric Scotland
_c2010
520 _aDiscusses various Scottish hospital buildings and their architects. Highlights features which make them worthy of protection through listing.
590 _aKA
651 4 _aScotland
_y1999-
690 _aPROPERTY-OTHER PROPERTY TYPES-HEALTHCARE AND WELFARE PROPERTY
856 4 0 _uhttps://www.historic-scotland.gov.uk/scotlandshospitals.pdf
_zView the item free of charge (PDF file) at www.historic-scotland.gov.uk
942 _n0
999 _c112085
_d112085